Biblioteca ESET

El buscador de finales (Registro nro. 1351)

Detalles MARC
000 -CABECERA
fixed length control field 00831nam a22002657a 4500
003 - CONTROL NUMBER IDENTIFIER
control field AR-BeUNQ
005 - FECHA Y HORA DE LA ULTIMA TRANSACCION
control field 20250918145236.0
008 - ELEMENTOS DE LONGITUD FIJA-INFORMACION GENERAL
fixed length control field 250918b20112025spa |||drf||| 001 f spa d
020 ## - NUMERO INTERNACIONAL NORMALIZADO PARA LIBROS
Número Internacional Normalizado del libro 9789870417347
040 ## - FUENTE DE CATALOGACION
Agencia de catalogación original AR-BeUNQ
Idioma de catalogación ESPAÑOL
Agencia que realiza la transcripción AR-BeUNQ
Convenciones de la descripción aacr
082 ## - NUMERO DE CLASIFICACION DECIMAL DEWEYMBER
Número de la edición 21
Número de clasificación A863 DES
100 10 - ASIENTO PRINCIPAL-NOMBRE PERSONAL
Nombre personal De Santis, Pablo.
Títulos u otras palabras asociadas al nombre aut..
Fecha asociada al nombre 1963
245 10 - MENCION DE TITULO
Título El buscador de finales
Mención de responsabilidad, etc Pablo De Santis.
Medio físico Libro.
250 ## - MENCION DE EDICION
Mención de edición 1a.ed
260 ## - PUBLICACION, DISTRIBUCION, ETC.
Lugar de publicación, distribución, etc. Buenos Aires ;:
Nombre del editor, distribuidor, etc. Alfaguara,
Fecha de publicación, distribución, etc 2011
300 ## - DESCRIPCION FISICA
Extensión 160 p. ;
Dimensiones 23 cm
490 ## - MENCION DE SERIE
Mención de serie Serie Roja
505 ## - NOTA DE CONTENIDO
Nota de contenido con formato preestablecido noveela juvenil.
650 ## - ASIENTO SECUNDARIO DE MATERIA - TERMINO TEMATICO
Fuente del encabezamiento o términ tell
Término temático o nombre geográfico como elemento de entrada literatura juvenil
651 ## - ASIENTO SECUNDARIO DE MATERIA - NOMBRE GEOGRAFICO
Fuente del encabezamiento o término unescot
Nombre geográfico Argentina.
830 ## - ASIENTO SECUNDARIO DE SERIE--TITULO UNIFORME
Designación numérica/secuencial del volumen Serie Roja
856 ## - LOCALIZACION Y ACCESO ELECTRONICOS
Materials specified https://www.loqueleo.com/ar/uploads/2016/05/el-buscador-de-finales.pdf
929 10 - DATOS DE ADQUISICION
Procedencia DONACION
Proveedor Biblioteca Pedro Goyena
Orden de compra 0
Precio 0
Fecha de recibido 2019
Patrimonio UNQ PAT0083775
Número de inventario 60635
942 ## - ELEMENTOS DE PUNTO DE ACCESO ADICIONAL (KOHA)
Tipo de ítem Koha Libros
Existencias
Estado de retiro Estado de pérdida Ubicación permanente Ubicación actual Fecha de ingreso Total Checkouts Signatura topográfica completa Inventario Date last seen Tipo de ítem Koha Operador
    Biblioteca ESET - UNQ Biblioteca ESET - UNQ 18/09/2025   A 863 DES 60353 18/09/2025 Libros Gladys Alarcon

ESET UNQ

☏ 4365-7188
 Avenida República de Francia 1714 entre Doctor Kenny y Concordia, Ezpeleta, Bs As.
✉ secretaria_eset@unq.edu.ar

Con tecnología Koha